000 00445nam a2200145Ia 4500
001 4140
008 241024s9999 xx 000 0 und d
082 _aRD/624.97293/R426r/2015
100 _aRepública Dominicana. Ministerio de Educación. Dirección Financiera
245 0 _aREsumen construcciones de escuelas contrato -pagado cotubre 2015
260 _bSanto Domingo
_c2015
590 _asi
901 _a9/8/2016 9:30:10 a.m.
999 _c8023
_d8023